Statistics for Top 30 Countries By GDP Per Capita - With Exceptions

Click here to take the quiz!

General Stats

  • This quiz has been taken 25 times
  • The average score is 23 of 30

Answer Stats

$Country% Correct
$67,470Australia
100%
$57,400Canada
100%
$49,880New Zealand
96%
$36,050Taiwan
96%
$76,010United States
96%
$39.240Japan
92%
$79.570Singapore
88%
$17,100Chile
83%
$34,990South Korea
83%
$14,290Argentina
79%
$27,600Czech Republic
79%
$21,660Slovakia
79%
$79,820Brunei
75%
$17.340Croatia
75%
$15,940Panama
75%
$18,500Poland
75%
$30,160Slovenia
75%
$20,940Hungary
71%
$14,830Romania
71%
$19,110Uruguay
71%
$27,970Estonia
67%
$20,330Greece
67%
$21,310Latvia
67%
$25,010Lithuania
67%
$15,720Seychelles
67%
$33,080Bahamas
58%
$20,110Saint Kitts and Nevis
58%
$17,920Trinidad and Tobago
54%
$16,090Antigua and Barbuda
50%
$19.720Barbados
50%

Score Distribution

Percentile by Number Answered

Percent of People with Each Score

Your Score History

You have not taken this quiz